000 cam a22 a 4500
999 _c3089
_d3089
003 AKMAL
005 20170519111827.0
008 170519t20102007my | e | 001 0 eng d
020 _a9789833831319
_qpaperback
_cRM29.90
020 _a9833831311
_qpaperback
039 9 _a201605061100
_bVLOAD
_c201604260934
_dVLOAD
_c201504171516
_dazeantie
_c201403250946
_dnorizan
040 _aAKMAL
_beng
_cAKMAL
049 _aklpmal
082 0 4 _a658.3 UCL
_222
090 0 0 _a658.3
_bUCL
090 2 0 _a658.3
_bUCL
245 1 4 _aTHE UGLY TRUTH about MANAGING PEOPLE :
_b50 Must-Get-Right MANAGEMENT CHALLENGES... And How to Really Handle Them /
_c[edited by] Ruth King
246 3 _aFifty must-get-right management challenges and how to really handle them
264 1 _aPetaling Jaya :
_bAdvantage Quest Publications,
_c2010
264 4 _c©2007
300 _axiv, 256 pages ;
_c22 cm
336 _atext
_2rdacontent
337 _aunmediated
_2rdamedia
338 _avolume
_2rdacarrier
500 _aIncludes index
650 1 0 _aPersonnel management
_9602
650 2 0 _aSupervision of employees
_95850
700 1 _aKing, Ruth,
_eeditor.
_96408
942 _2ddc
_cBOOK